Click to Translate - Latvian - Statistics

General Stats
  • This quiz has been taken 926 times
  • The average score is 10 of 20
Answer Stats
Hint Answer % Correct
Brother Brālis
82%
Thursday Ceturtdiena
66%
Fifty Piecdesmit
66%
Play Spēlēt
59%
Where Kur
58%
Drum Bungas
57%
Bread Maize
56%
From No
52%
Hospital Slimnīca
52%
Pig Cūka
51%
Sea Jūra
50%
Boat Laiva
50%
Under Zem
49%
Hear Dzirdēt
47%
Green Zaļš
46%
Kitchen Virtuve
43%
Pen Pildspalva
42%
North Ziemeļi
42%
Window Logs
39%
Clock Pulkstenis
39%
No matching quizzes found
Score Distribution
Percent of People with Each Score
Percentile by Number Answered
Your Score History
You have not taken this quiz